| 000 | 00425 a2200145 4500 | ||
|---|---|---|---|
| 020 | _a1905209118 | ||
| 020 | _a9781905209118 | ||
| 082 | _a624.18 MOU | ||
| 100 | _aMouton, Yves. | ||
| 245 |
_aOrganic materials in civil engineering / _cYves Mouton. |
||
| 260 |
_aLondon ; _aNewport Beach, CA : _bISTE Ltd., _cc2006. |
||
| 300 |
_a356 p. : _bill. ; _c25 cm. |
||
| 650 | _aPolymers. | ||
| 650 | _aOrganic compounds. | ||
| 650 |
_aCivil engineering _xMaterials. |
||
| 999 |
_c1262 _d1262 |
||